Directores con más nominaciones a los premios Oscar - Estadísticas

Estadísticas generales
  • Esta prueba ha sido intentada 228 veces
  • La puntuación promedio es 4 de 15
Estadísticas de respuestas
Nº Nominaciones Director % Correcto
7 Steven Spielberg
82%
9 Martin Scorsese
74%
5 John Ford
57%
5 Alfred Hitchcock
56%
7 Woody Allen
33%
6 Frank Capra
24%
5 John Huston
22%
12 William Wyler
21%
7 David Lean
14%
5 Elia Kazan
14%
5 George Cukor
10%
5 Michael Curtiz
7%
7 Fred Zinnemann
4%
5 Robert Altman
3%
6 Clarence Brown
2%
No se encontraron pruebas coincidentes
Distribución de puntuación
Porcentaje de gente con cada puntuación
Porcentaje por número respondido
Historial de tus puntuaciones
No has intentado esta prueba.